000 00918nac a22002291u 4500
010 _a 2002019603
020 _a013097417X (alk. paper)
020 _a0130484334
082 0 0 _a621.319/2
_bB7927
090 _c72
_d72
100 _aBoylestad, Robert L.
245 1 0 _aIntroductory circuit analysis /
_cRobert L. Boylestad.
250 _a10th ed.
260 _aUpper Saddle River, N.J. :
_bPrentice Hall,
_cc2003.
300 _axvi, 1228 p. :
_bill. (some col.) ;
_c29 cm. +
_e1 CD-ROM (4 3/4 in.)
500 _aIncludes index.
538 _aSystem requirements for accompanying CD-ROM: Microsoft Windows 95 or higher.
650 0 _aElectric circuits.
650 0 _aElectric circuit analysis
_xData processing.
942 _cBB
_k621.3192B7927
999 _c72
_d72